| 000 | 00764nam a2200241 a 4500 | ||
|---|---|---|---|
| 001 | 2271 | ||
| 003 | CDMR | ||
| 005 | 20131203163917.0 | ||
| 008 | 130130s1986||||||||||||||||||||||||||||d | ||
| 020 | _a2130396003 | ||
| 040 |
_aCDMR _bcat _cCDMR |
||
| 100 | 1 |
_aBonvoisin, Samra-Marténe _91687 |
|
| 245 | 1 | 3 |
_aLa presse féminine _cSamra-MArtine Bonvoisin, Michèle Maignien |
| 260 |
_aParis _c1986 _bPresses Universitaires de France |
||
| 300 | _a126 p. | ||
| 490 | 0 |
_aQue sais-je? _v2305 |
|
| 650 | 0 | 4 |
_94260 _aRevistes per a dones |
| 650 | 0 | 4 |
_94233 _aDones en el periodisme |
| 650 | 0 | 4 |
_94436 _aPaper segons el sexe en els mitjans de comunicació de massa |
| 650 | 0 | 4 |
_92799 _aPeriodisme _xAspectes socials |
| 700 | 1 |
_94261 _aMaignien, Michèle |
|
| 942 |
_cMON _2udc |
||
| 999 |
_c2271 _d2271 |
||